00294nam a22000857a 4500008004100000082002000041245008700061260005200148300000800200230627b xxu||||| |||| 00| 0 eng d a338.9bKIM 1997 aPenetrating National Policy Discourse: A Report on IPAR Mission to South-East Asia aNairobibInstitute of Policy and Researchc1997 a27p